000 00667nam a2200241Ia 4500
003 OSt
005 20220926014524.0
006 a|||||r|||| 00| 0
007 ta
008 220923b |||||||| |||| 00| 0 eng d
037 _cGeneral Book
040 _aRTL
_cRTL
_beng
041 _2eng
_aeng
082 _aXM5:8.73.N8, M7
100 _aRock Milton L
_9320782
245 0 _aMergers and acquistions handbook
260 _aNew York
_bMcGraw-Hill
_c1987
300 _axiii,518p
_ccm.
500 _aAppendix: P 497-503
650 _aJoint Stock Company
942 _hXM5:8.73.N8, M7
_cGB
_2CC
999 _c629288
_d629288